000 00531nam a2200217 a 4500
999 _c5360
_d5360
001 5360
003 BD-JhCC
005 20171213163518.0
008 171213s1997 in l|||| |||| 000 0 eng d
035 _a(BD-JhCC)5360
040 _aBD-JhCC
_dBD-JhCC
041 _aeng
082 _a512.9434
_bKHA 1997
100 _aKhanna, M.L.
245 _aMatrices /
_c M.L. Khanna
260 _aMeerut :
_bJai Prakash nath and co,
_c1997.
300 _a427 p. :
_bill. ;
_c21 cm.
650 _aMatrices
942 _2ddc
_cBK